| 000 | 00679nam a2200205 4500 | ||
|---|---|---|---|
| 003 | SEM | ||
| 005 | 20250617105313.0 | ||
| 008 | 250617s1985 ai ||||gr||||||01|||arm|d | ||
| 040 |
_aSEM _cSEM |
||
| 041 | _aarm | ||
| 080 | _a891.981-3/Մ-28 | ||
| 100 |
_aՄանուկյան, Լևոն _d(1938-1992) |
||
| 245 |
_aԼեռան մյուս կողմում / _cԼ. Մանուկյան ; Խմբ.՝ Դ. Հովհաննես |
||
| 260 |
_aԵրևան : _b«Սովետական գրող», _c1985. |
||
| 300 |
_a295 էջ ; _c21 սմ |
||
| 650 |
_aՀայ գրականություն _xարձակ |
||
| 653 | _aՍԷՄ | ||
| 700 |
_aՀովհաննես, Դավիթ _eխմբ. _4edt. |
||
| 942 |
_2udc _cBK |
||
| 999 |
_c76641 _d76641 |
||